Jeppy on Football Logos #2 - Statistics

General Stats
  • This quiz has been taken 3,462 times
  • The average score is 11 of 16
Answer Stats
Picture Answer % Correct
Chelsea
98%
Paris Saint-Germain
95%
Real Betis
86%
Aston Villa
84%
Wolfsburg
81%
Crystal Palace
79%
Fenerbahçe
76%
Köln
76%
Crvena zvezda
68%
Genoa
68%
Osasuna
62%
Cagliari
61%
Olympiacos
60%
Cincinnati
40%
Philadelphia Union
34%
Al-Ettifaq
24%
No matching quizzes found
Score Distribution
Percent of People with Each Score
Percentile by Number Answered
Your Score History
You have not taken this quiz